000
00313nam a22001337a 4500
008
181031b xxu||||| |||| 00| 0 eng d
020
_a
9781559346542
041
_a
eng
080
_a
341
100
_a
15
101
_a
SHJ
245
_a
Thinking Critically about Ethical Issues
_c
Ruggiero, V.R
942
_2
udc
_c
BK
999
_c
51332
_d
51332